| 000 | 00932nam a2200313 a 4500 | ||
|---|---|---|---|
| 001 | 58228 | ||
| 003 | BD-RjUL | ||
| 005 | 20211209080611.0 | ||
| 008 | 161217s1964 nyu b 000 0 eng | ||
| 035 | _a(OCoLC)ocm00260526 | ||
| 035 | _a(BD-RjUL)58352 | ||
| 035 | _a(NNC)2381362 | ||
| 040 |
_aDLC _cWSU _dOCL _beng |
||
| 041 | _aeng | ||
| 082 |
_223 _a305.231 _bRIS 1964 |
||
| 100 | 1 |
_aRitchie, Oscar W. _9172965 |
|
| 245 | 1 | 0 |
_aSociology of childhood / _c[by] Oscar W. Ritchie [and] Marvin R. Koller. |
| 260 |
_aNew York : _bAppleton-Century-Crofts, _cc1964 |
||
| 300 |
_ax, 333 p. ; _c24 cm. |
||
| 490 | 1 | _aSociology series | |
| 504 | _aIncludes bibliographies. | ||
| 650 | 0 |
_aChild development _9171414 |
|
| 650 | 0 |
_aChild psychology. _9171563 |
|
| 650 | 0 |
_aSocialization. _9170550 |
|
| 700 | 1 |
_aKoller, Marvin R., _eauthor. _9172966 |
|
| 830 | 0 |
_aSociology series. _9172968 |
|
| 942 |
_2ddc _cBK |
||
| 999 |
_c58228 _d58228 |
||